Riadiaci a vizualizačný systém pre automatizovaný model továrne
Gespeichert in:
| 1. Verfasser: | |
|---|---|
| Weitere Verfasser: | |
| Format: | Manuskript Buch |
| Sprache: | Slowakisch |
| Veröffentlicht: |
Bratislava :
STU v Bratislave FEI,
2025
|
| Schlagworte: | |
| Online-Zugang: | https://opac.crzp.sk/?fn=detailBiblioFormChildYIE72&sid=8D80AD18777FCC7F6BB0B14DC29E&seo=CRZP-detail-kniha |
| Tags: |
Keine Tags, Fügen Sie das erste Tag hinzu!
|
MARC
| LEADER | 00000ntm a22000003a 4500 | ||
|---|---|---|---|
| 001 | stuzp103909 | ||
| 003 | SK-STU | ||
| 005 | 20251104111655.8 | ||
| 007 | ta | ||
| 008 | 150427s2015----xo-----f-mn---000-0-slo-d | ||
| 040 | |a STU |b slo | ||
| 041 | 0 | |a slo | |
| 044 | |a xo | ||
| 100 | 1 | |a Ondrejková, Lea Lenka |u 030400 |4 aut |U FEI Fakulta elektrotechniky a informatiky |T FEI Ústav automobilovej mechatroniky |X 120646 |U E400 |Y 642 |7 120646 | |
| 242 | 0 | 1 | |a Control and visualization system for automated factory model |y eng |
| 245 | 1 | 0 | |a Riadiaci a vizualizačný systém pre automatizovaný model továrne |
| 260 | |a Bratislava : |b STU v Bratislave FEI, |c 2025 | ||
| 300 | |a 64 s. | ||
| 650 | 4 | |a SCADA |2 slo | |
| 650 | 4 | |a TIA Portal |2 slo | |
| 650 | 4 | |a Laboratórny model továrne |2 slo | |
| 650 | 4 | |a Vizualizácia |2 slo | |
| 650 | 4 | |a PLC |2 slo | |
| 650 | 4 | |a WinCC Basic |2 slo | |
| 650 | 4 | |a HMI |2 slo | |
| 650 | 4 | |a TIA Portal |2 eng | |
| 650 | 4 | |a WinCC Basic |2 eng | |
| 650 | 4 | |a PLC |2 eng | |
| 650 | 4 | |a Visualisation |2 eng | |
| 650 | 4 | |a HMI |2 eng | |
| 650 | 4 | |a SCADA |2 eng | |
| 650 | 4 | |a Laboratory factory model |2 eng | |
| 700 | 1 | |a Cigánek, Ján |u 030400 |k Z1 |4 ths |U FEI Fakulta elektrotechniky a informatiky |T FEI Ústav automobilovej mechatroniky |X 10327 |U E400 |Y 642 |7 10327 | |
| 856 | 4 | |u https://opac.crzp.sk/?fn=detailBiblioFormChildYIE72&sid=8D80AD18777FCC7F6BB0B14DC29E&seo=CRZP-detail-kniha | |